[Event "FICGS class F 000126 email"]
[Site "FICGS email"]
[Date "2013.03.16"]
[Round "1"]
[White "Hakkinen, Jorma"]
[Black "Salinas, Marcelo"]
[Result "0-1"]
[WhiteElo "1091"]
[BlackElo "1184"]
[PlyCount "76"]
[EventDate "2013.??.??"]
[EventType "tourn (corr)"]
[EventRounds "5"]
[SourceTitle "Corr 2022"]
[Source "ChessBase"]
[SourceDate "2021.10.24"]
[SourceVersion "1"]
[SourceVersionDate "2021.10.24"]
[SourceQuality "1"]

1. d4 e6 2. c4 Bb4+ 3. Nc3 Nc6 4. Nf3 d5 5. c5 Nf6 6. Bg5 Bxc3+ 7. bxc3 h6 8. Bh4 g5 9. Bg3 Ne4 10. Qc2 g4 11. Nd2 f5 12. e3 Na5 13. Bd3 Nxd2 14. Kxd2 c6 15. Rhb1 b5 16. cxb6 axb6 17. Rb2 Ba6 18. Rxb6 Bxd3 19. Qxd3 Qxb6 20. Rb1 Qd8 21. Be5 0-0 22. h3 Qh4 23. Rf1 Nc4+ 24. Kc2 Na3+ 25. Kd2 Nc4+ 26. Ke2 Rxa2+ 27. Ke1 gxh3 28. gxh3 Qxh3 29. Bg3 Ra1+ 30. Ke2 Qxf1+ 31. Kf3 Qxd3 32. Bd6 Nxd6 33. Kf4 Qe4+ 34. Kg3 f4+ 35. exf4 Qxf4+ 36. Kg2 Qxf2+ 37. Kh3 Rh1+ 38. Kg4 Qf4# 0-1

[Event "FICGS W-ch st1 g17 email"]
[Site "FICGS email"]
[Date "2012.01.01"]
[Round "1"]
[White "Wilhelm, Robert"]
[Black "Hakkinen, Jorma"]
[Result "1-0"]
[WhiteElo "1881"]
[BlackElo "1124"]
[PlyCount "59"]
[EventDate "2012.??.??"]
[EventType "tourn (corr)"]
[EventRounds "8"]
[SourceTitle "Corr 2022"]
[Source "ChessBase"]
[SourceDate "2021.10.24"]
[SourceVersion "1"]
[SourceVersionDate "2021.10.24"]
[SourceQuality "1"]

1. e4 e5 2. Nf3 Nc6 3. Nc3 Nf6 4. Bb5 Bb4 5. 0-0 0-0 6. d3 Bxc3 7. bxc3 d6 8. Bg5 Bg4 9. h3 Bxf3 10. Qxf3 h6 11. Bd2 Ne7 12. Bxh6 gxh6 13. Qxf6 Ng6 14. Qxd8 Raxd8 15. g3 c6 16. Ba4 b5 17. Bb3 a6 18. a4 Ne7 19. axb5 cxb5 20. Rxa6 Ra8 21. Rxd6 Kg7 22. f4 exf4 23. Rxf4 Nc8 24. Rdf6 Ra1+ 25. Kf2 Ra7 26. e5 Re7 27. d4 h5 28. R4f5 Nb6 29. Rg5+ Kh8 30. Rh6# 1-0

[Event "FICGS class E 000142 email"]
[Site "FICGS email"]
[Date "2011.09.14"]
[Round "1"]
[White "Davis, Mark"]
[Black "Hakkinen, Jorma"]
[Result "0-1"]
[WhiteElo "1278"]
[BlackElo "1258"]
[PlyCount "86"]
[EventDate "2011.??.??"]
[EventType "tourn (corr)"]
[EventRounds "1"]
[SourceTitle "Corr 2022"]
[Source "ChessBase"]
[SourceDate "2021.10.24"]
[SourceVersion "1"]
[SourceVersionDate "2021.10.24"]
[SourceQuality "1"]

1. e4 e5 2. Nf3 Nc6 3. b3 f5 4. d3 fxe4 5. dxe4 Nf6 6. Nbd2 Bb4 7. Bb2 d6 8. Bb5 Bd7 9. Qe2 Qe7 10. 0-0 0-0-0 11. Rae1 Bxd2 12. Nxd2 a6 13. Bd3 Rhf8 14. Nc4 b5 15. Ne3 g6 16. f3 Na7 17. Qf2 Nc6 18. c3 Nh5 19. Nd5 Qg5 20. Bc1 Nf4 21. Nxf4 exf4 22. Kh1 Ne5 23. Bc2 h5 24. g3 fxg3 25. Qxg3 Qxg3 26. hxg3 Rxf3 27. Rxf3 Nxf3 28. Rf1 Bg4 29. Bf4 Rh8 30. Kg2 Ne5 31. Bxe5 dxe5 32. Rf6 Rd8 33. c4 bxc4 34. bxc4 Rd2+ 35. Rf2 Rxf2+ 36. Kxf2 c5 37. Ba4 Kd8 38. Bc6 a5 39. a4 Kc7 40. Bd5 Kd6 41. Ke1 g5 42. Kf2 Bd1 43. Bf7 h4 0-1

[Event "FICGS class E 000142 email"]
[Site "FICGS email"]
[Date "2011.09.14"]
[Round "1"]
[White "Salinas, Marcelo"]
[Black "Hakkinen, Jorma"]
[Result "0-1"]
[WhiteElo "1328"]
[BlackElo "1258"]
[PlyCount "112"]
[EventDate "2011.??.??"]
[EventType "tourn (corr)"]
[EventRounds "1"]
[SourceTitle "Corr 2022"]
[Source "ChessBase"]
[SourceDate "2021.10.24"]
[SourceVersion "1"]
[SourceVersionDate "2021.10.24"]
[SourceQuality "1"]

1. e3 e5 2. Qf3 Nc6 3. Bc4 Nf6 4. Nh3 h6 5. Nc3 Bb4 6. Nd5 0-0 7. c3 Ba5 8. Nxf6+ Qxf6 9. Qxf6 gxf6 10. 0-0 d6 11. d4 exd4 12. exd4 Be6 13. d5 Ne5 14. dxe6 Nxc4 15. Bxh6 Rfe8 16. exf7+ Kxf7 17. g4 Nxb2 18. Rab1 Bxc3 19. Rfc1 Na4 20. Rxb7 Re7 21. g5 f5 22. g6+ Kxg6 23. Bf4 Re1+ 24. Rxe1 Bxe1 25. Rxc7 a5 26. Bxd6 Rg8 27. Nf4+ Kh6+ 28. Ng2 Bb4 29. Bf4+ Kg6 30. Nh4+ Kh5+ 31. Ng2 Nc3 32. Kf1 Nxa2 33. Rh7+ Kg6 34. Rh6+ Kf7 35. Rh5 Kf6 36. Ne3 a4 37. Rxf5+ Ke6 38. Re5+ Kd7 39. Rd5+ Kc6 40. Rd2 Bxd2 41. h4 Bxe3 42. Bxe3 Nc3 43. Bc1 Rh8 44. Bb2 Rxh4 45. Bxc3 a3 46. Ke2 a2 47. Kd2 Rh2 48. Bd4 Kd5 49. Kd3 Rxf2 50. Bc3 Rf3+ 51. Kc2 Rxc3+ 52. Kb2 a1Q+ 53. Kxa1 Kc4 54. Kb2 Kb4 55. Kb1 Ka3 56. Ka1 Rc1# 0-1

[Event "FICGS W-ch st1 g15 email"]
[Site "FICGS email"]
[Date "2009.11.02"]
[Round "1"]
[White "Hakkinen, Jorma"]
[Black "Wosch, Arkadiusz Janusz"]
[Result "0-1"]
[WhiteElo "1231"]
[BlackElo "2156"]
[PlyCount "50"]
[EventDate "2009.??.??"]
[EventType "tourn (corr)"]
[EventRounds "8"]
[SourceTitle "Corr 2022"]
[Source "ChessBase"]
[SourceDate "2021.10.24"]
[SourceVersion "1"]
[SourceVersionDate "2021.10.24"]
[SourceQuality "1"]

1. d4 Nf6 2. c4 e6 3. a3 d5 4. Nc3 b6 5. Bg5 Be7 6. Nf3 Bb7 7. e3 0-0 8. cxd5 exd5 9. Bd3 Nbd7 10. 0-0 c5 11. dxc5 bxc5 12. Rc1 Ne4 13. Bxe7 Qxe7 14. Re1 Rab8 15. Qa4 c4 16. Bxe4 dxe4 17. Red1 Nc5 18. Qxc4 exf3 19. gxf3 Bxf3 20. Rd4 Nb3 21. Rc2 Nxd4 22. exd4 Rxb2 23. Rxb2 Qg5+ 24. Kf1 Qc1+ 25. Nd1 Qxd1# 0-1

[Event "FICGS rapid E 000016 email"]
[Site "FICGS email"]
[Date "2009.05.28"]
[Round "1"]
[White "Hakkinen, Jorma"]
[Black "Leurette, Marc Antoine"]
[Result "0-1"]
[WhiteElo "1237"]
[BlackElo "1278"]
[PlyCount "102"]
[EventDate "2009.??.??"]
[EventType "tourn (rapid)"]
[EventRounds "6"]
[SourceTitle "Corr 2022"]
[Source "ChessBase"]
[SourceDate "2021.10.24"]
[SourceVersion "1"]
[SourceVersionDate "2021.10.24"]
[SourceQuality "1"]

1. d4 d5 2. c4 e6 3. a3 c6 4. Nf3 Nf6 5. Bg5 dxc4 6. e4 h6 7. Bh4 g5 8. Bg3 Nxe4 9. Bxb8 Rxb8 10. Bxc4 b5 11. Bd3 Nf6 12. 0-0 Bg7 13. Nc3 a6 14. Ne5 Bb7 15. Ne4 Qxd4 16. Nxf6+ Bxf6 17. Nf3 Qxb2 18. Re1 Qxa1 19. Qxa1 Bxa1 20. Rxa1 c5 21. Ne5 Rc8 22. Be2 0-0 23. h3 c4 24. Rc1 c3 25. Nd7 Rfd8 26. Ne5 Kg7 27. Nf3 Be4 28. Ne5 f6 29. Nf3 Bd3 30. Bxd3 Rxd3 31. Kh2 c2 32. Ne1 Rd2 33. f3 Re2 34. Nd3 Rc3 35. Nb2 Rxa3 36. Kg3 Rb3 37. Nd1 Rb1 38. Rxc2 Rxc2 39. Ne3 Re2 40. Ng4 Rbb2 41. h4 Rxg2+ 42. Kh3 h5 43. Ne3 Rh2+ 44. Kg3 gxh4+ 45. Kf4 Rb4+ 46. Nc4 Rxc4+ 47. Ke3 h3 48. f4 Rhc2 49. Kd3 h2 50. f5 h1Q 51. fxe6 Qh3# 0-1

[Event "FICGS rapid E 000016 email"]
[Site "FICGS email"]
[Date "2009.05.28"]
[Round "1"]
[White "Stoyanov, Zdravko"]
[Black "Hakkinen, Jorma"]
[Result "1-0"]
[WhiteElo "1275"]
[BlackElo "1237"]
[PlyCount "77"]
[EventDate "2009.??.??"]
[EventType "tourn (rapid)"]
[EventRounds "6"]
[SourceTitle "Corr 2022"]
[Source "ChessBase"]
[SourceDate "2021.10.24"]
[SourceVersion "1"]
[SourceVersionDate "2021.10.24"]
[SourceQuality "1"]

1. e4 e5 2. Nf3 f5 3. exf5 e4 4. Nd4 Qf6 5. c3 d5 6. Be2 Bxf5 7. Nxf5 Qxf5 8. 0-0 Nd7 9. f3 Bc5+ 10. Kh1 0-0-0 11. fxe4 Qxe4 12. Bf3 Qd3 13. b4 Bd6 14. Na3 Ngf6 15. Re1 Rde8 16. Bb2 Rxe1+ 17. Qxe1 Re8 18. Qd1 Ne5 19. Be2 Qg6 20. Nb5 Nfg4 21. Bxg4+ Nxg4 22. Nxd6+ cxd6 23. Qf3 Ne5 24. Qxd5 Nd3 25. Ba3 Re1+ 26. Rxe1 Nf2+ 27. Kg1 Ng4 28. Qg8+ Kc7 29. Re7+ Kc6 30. Qc8+ Kd5 31. Qxb7+ Kc4 32. Qc6+ Kd3 33. Qd5+ Kc2 34. Re2 Ne5 35. Qb3+ Kd3 36. Re3+ Kxd2 37. c4 Nxc4 38. Qc3+ Kd1 39. Qc1# 1-0

[Event "FICGS unrated 00000 email"]
[Site "FICGS email"]
[Date "2009.04.04"]
[Round "1"]
[White "Hakkinen, Jorma"]
[Black "Aigner, Michael"]
[Result "0-1"]
[WhiteElo "1400"]
[BlackElo "2610"]
[PlyCount "42"]
[EventDate "2009.??.??"]
[EventType "swiss (corr)"]
[EventRounds "1"]
[SourceTitle "Corr 2022"]
[Source "ChessBase"]
[SourceDate "2021.10.24"]
[SourceVersion "1"]
[SourceVersionDate "2021.10.24"]
[SourceQuality "1"]

1. d4 f5 2. c4 Nf6 3. Nf3 e6 4. a3 Be7 5. Nc3 0-0 6. Bg5 d6 7. e3 Ne4 8. Bxe7 Qxe7 9. Bd3 Nxc3 10. bxc3 e5 11. dxe5 dxe5 12. e4 Na6 13. 0-0 f4 14. Qb3 Nc5 15. Qc2 Bg4 16. h3 Bxf3 17. gxf3 Qd7 18. Rad1 Qxh3 19. Be2 Rf6 20. Rd8+ Rxd8 21. Rd1 Rg6# 0-1

[Event "FICGS unrated 00000 email"]
[Site "FICGS email"]
[Date "2009.04.04"]
[Round "1"]
[White "Riha, Josef"]
[Black "Hakkinen, Jorma"]
[Result "1-0"]
[WhiteElo "1974"]
[BlackElo "1400"]
[PlyCount "59"]
[EventDate "2009.??.??"]
[EventType "swiss (corr)"]
[EventRounds "1"]
[SourceTitle "Corr 2022"]
[Source "ChessBase"]
[SourceDate "2021.10.24"]
[SourceVersion "1"]
[SourceVersionDate "2021.10.24"]
[SourceQuality "1"]

1. d4 d5 2. c4 dxc4 3. e4 c6 4. Bxc4 e6 5. Nf3 Nf6 6. Nc3 Bb4 7. Qe2 0-0 8. 0-0 Nbd7 9. Bf4 Bxc3 10. bxc3 b5 11. Bd3 Re8 12. a4 a6 13. axb5 cxb5 14. Bxb5 a5 15. Rfb1 Nh5 16. Bd6 f5 17. exf5 exf5 18. Bc4+ Kh8 19. Ng5 Rxe2 20. Nf7+ Kg8 21. Nxd8+ Kh8 22. Nf7+ Kg8 23. Ng5+ Kh8 24. Bxe2 h6 25. Nf7+ Kg8 26. Bxh5 Nf6 27. Bg6 Be6 28. Rxa5 Rxa5 29. Rb8+ Ne8 30. Rxe8# 1-0

[Event "FICGS class E 000103 email"]
[Site "FICGS email"]
[Date "2009.04.03"]
[Round "1"]
[White "Budnar, Milos"]
[Black "Hakkinen, Jorma"]
[Result "1-0"]
[WhiteElo "1350"]
[BlackElo "1400"]
[PlyCount "93"]
[EventDate "2009.??.??"]
[EventType "tourn (corr)"]
[EventRounds "5"]
[SourceTitle "Corr 2022"]
[Source "ChessBase"]
[SourceDate "2021.10.24"]
[SourceVersion "1"]
[SourceVersionDate "2021.10.24"]
[SourceQuality "1"]

1. e4 e5 2. Nf3 Nc6 3. Bc4 Bc5 4. d3 Nf6 5. Nc3 d6 6. h3 0-0 7. Bg5 h6 8. Bxf6 Qxf6 9. Qd2 Bd7 10. 0-0-0 a6 11. Nd5 Qg6 12. g4 Be6 13. Nxc7 Rac8 14. Nxe6 fxe6 15. Qe2 b5 16. d4 exd4 17. Bd3 Rce8 18. Rdf1 e5 19. Nh4 Qf7 20. Nf5 Nb4 21. a3 Nxd3+ 22. Qxd3 Qa2 23. Qb3+ Qxb3 24. cxb3 Kh7 25. Rh2 g6 26. Ng3 Rf3 27. b4 Bb6 28. Ne2 d3 29. Nc3 Bd4 30. Kd2 Bxc3+ 31. bxc3 d5 32. Re1 Ref8 33. exd5 Rxf2+ 34. Rxf2 Rxf2+ 35. Kxd3 Rh2 36. Re3 g5 37. d6 Rh1 38. Ke4 Rd1 39. Rd3 Re1+ 40. Re3 Rd1 41. Kxe5 Kg7 42. Ke6 Kf8 43. d7 Rd2 44. Rf3+ Kg7 45. Ke7 Re2+ 46. Kd8 Ra2 47. Kc7 1-0

[Event "FICGS no engines 00 email"]
[Site "FICGS email"]
[Date "2009.04.03"]
[Round "1"]
[White "Hakkinen, Jorma"]
[Black "Frame, Jeremy"]
[Result "1-0"]
[WhiteElo "1400"]
[BlackElo "1115"]
[PlyCount "43"]
[EventDate "2009.??.??"]
[EventType "swiss (corr)"]
[EventRounds "1"]
[SourceTitle "Corr 2022"]
[Source "ChessBase"]
[SourceDate "2021.10.24"]
[SourceVersion "1"]
[SourceVersionDate "2021.10.24"]
[SourceQuality "1"]

1. d4 d5 2. c4 c6 3. Nf3 Nf6 4. Nc3 Bf5 5. Bg5 e6 6. a3 Be7 7. e3 Nbd7 8. cxd5 h6 9. Bd3 hxg5 10. dxc6 Bxd3 11. Qxd3 bxc6 12. 0-0 g4 13. Nd2 Qc7 14. Rac1 0-0-0 15. Nb5 Qb6 16. Rxc6+ Qxc6 17. Nxa7+ Kb7 18. Nxc6 Kxc6 19. Rc1+ Kb7 20. Qb5+ Nb6 21. Nc4 Rc8 22. Qxb6+ 1-0

[Event "FICGS no engines 00 email"]
[Site "FICGS email"]
[Date "2009.04.03"]
[Round "1"]
[White "Mor, Anton"]
[Black "Hakkinen, Jorma"]
[Result "1-0"]
[WhiteElo "1800"]
[BlackElo "1400"]
[PlyCount "21"]
[EventDate "2009.??.??"]
[EventType "swiss (corr)"]
[EventRounds "1"]
[SourceTitle "Corr 2022"]
[Source "ChessBase"]
[SourceDate "2021.10.24"]
[SourceVersion "1"]
[SourceVersionDate "2021.10.24"]
[SourceQuality "1"]

1. e4 e5 2. d4 exd4 3. c3 dxc3 4. Bc4 d5 5. Bxd5 Bb4 6. bxc3 Bc5 7. Bxf7+ Ke7 8. Qb3 Nc6 9. Bxg8 Rxg8 10. Bg5+ Kd6 11. Qd5# 1-0

[Event "FICGS class E 000103 email"]
[Site "FICGS email"]
[Date "2009.04.03"]
[Round "1"]
[White "Price, Eric A Sr"]
[Black "Hakkinen, Jorma"]
[Result "1-0"]
[WhiteElo "1476"]
[BlackElo "1400"]
[PlyCount "53"]
[EventDate "2009.??.??"]
[EventType "tourn (corr)"]
[EventRounds "5"]
[SourceTitle "Corr 2022"]
[Source "ChessBase"]
[SourceDate "2021.10.24"]
[SourceVersion "1"]
[SourceVersionDate "2021.10.24"]
[SourceQuality "1"]

1. e4 e5 2. Nf3 Nc6 3. Bb5 f5 4. Nc3 Nf6 5. exf5 Bb4 6. 0-0 d5 7. Nxe5 Bxf5 8. Nxc6 bxc6 9. Bxc6+ Bd7 10. Bxa8 Qxa8 11. Re1+ Kf7 12. Qf3 d4 13. Qxa8 Rxa8 14. a3 Bxc3 15. dxc3 dxc3 16. b3 Nd5 17. Bg5 h6 18. Bh4 g5 19. Bg3 Be6 20. Rad1 Re8 21. Re5 c6 22. Rd3 Kg6 23. h4 g4 24. h5+ Kf6 25. Re1 a6 26. Rd4 Rd8 27. Bh4+ 1-0

[Event "FICGS rapid D 000020 email"]
[Site "FICGS email"]
[Date "2009.03.30"]
[Round "1"]
[White "Hakkinen, Jorma"]
[Black "Bromo, Alexis"]
[Result "0-1"]
[WhiteElo "1400"]
[BlackElo "1403"]
[PlyCount "90"]
[EventDate "2009.??.??"]
[EventType "tourn (rapid)"]
[EventRounds "5"]
[SourceTitle "Corr 2022"]
[Source "ChessBase"]
[SourceDate "2021.10.24"]
[SourceVersion "1"]
[SourceVersionDate "2021.10.24"]
[SourceQuality "1"]

1. d4 d5 2. c4 c6 3. Nf3 Nf6 4. Nc3 Bf5 5. Bg5 e6 6. a3 dxc4 7. Bxf6 Qxf6 8. e4 Bg6 9. Bxc4 Nd7 10. 0-0 b5 11. e5 Qe7 12. Bb3 b4 13. axb4 Qxb4 14. Ra4 Qb7 15. Ng5 h6 16. Nge4 c5 17. dxc5 Nxc5 18. Nxc5 Bxc5 19. Rc4 Be7 20. Ba4+ Kf8 21. b3 Rd8 22. Qf3 Qxf3 23. gxf3 f5 24. exf6 Bxf6 25. Rc7 Bh5 26. Rxa7 Bxc3 27. Rc1 Bf6 28. Rcc7 Bxf3 29. Rf7+ Kg8 30. b4 h5 31. b5 Rh6 32. Bc2 e5 33. b6 e4 34. b7 Be5 35. Re7 Rc6 36. Rxe5 Rxc2 37. h4 Rd1+ 38. Kh2 Rxf2+ 39. Kg3 Rg2+ 40. Kf4 Rg4+ 41. Kf5 g6+ 42. Kf6 Rf4+ 43. Ke6 Bg4+ 44. Ke7 Rd7+ 45. Ke8 Rf8# 0-1

[Event "FICGS rapid D 000020 email"]
[Site "FICGS email"]
[Date "2009.03.30"]
[Round "1"]
[White "Hakkinen, Jorma"]
[Black "Clegg, Stuart"]
[Result "1-0"]
[WhiteElo "1400"]
[BlackElo "1438"]
[PlyCount "33"]
[EventDate "2009.??.??"]
[EventType "tourn (rapid)"]
[EventRounds "5"]
[SourceTitle "Corr 2022"]
[Source "ChessBase"]
[SourceDate "2021.10.24"]
[SourceVersion "1"]
[SourceVersionDate "2021.10.24"]
[SourceQuality "1"]

1. d4 d5 2. c4 c6 3. Nf3 Nf6 4. Nc3 dxc4 5. e4 b5 6. e5 Nd5 7. Be2 Nxc3 8. bxc3 e6 9. 0-0 Be7 10. a4 a6 11. axb5 cxb5 12. Be3 Bb7 13. Qc2 0-0 14. Rfd1 Bxf3 15. Bxf3 Bg5 16. Bxg5 Qxg5 17. Bxa8 1-0